| 000 | 00948nam a2200301Ia 4500 | ||
|---|---|---|---|
| 003 | OSt | ||
| 005 | 20221007125726.0 | ||
| 006 | a|||||r|||| 00| 0 | ||
| 007 | ta | ||
| 008 | 221006b |||||||| |||| 00| 0 eng d | ||
| 020 |
_a0471680249 (hbd) _cRs 5142.86 |
||
| 024 | _a77235 | ||
| 037 |
_b292, 08/03/2007, Educational Book Agency (India) _cTextual |
||
| 040 |
_aCDL _cCDL _beng |
||
| 041 |
_2eng _aeng |
||
| 082 | _aE:232, P6 Carc | ||
| 100 |
_aMyers Drew _9722373 |
||
| 245 | 0 | _aSurfactant science and technology | |
| 250 | _a3 | ||
| 260 |
_aNew _bJersey John Wiley & Sons _c2006 |
||
| 300 |
_axvi,380p. _ccm. |
||
| 500 | _aBibliography 370-374p; Index 375-380p | ||
| 650 |
_a Surface active agents _9722374 |
||
| 650 |
_a Surface chemistry _9718584 |
||
| 650 | _aChemistry | ||
| 942 |
_hE:232, P6 Carc _cTEXL _2CC |
||
| 999 |
_c1215769 _d1215769 |
||